000
00473nam a2200145Ia 4500
008
090122s9999 xx 000 0 und d
082
_b
8432
_a
891.463
100
_a
वाघे
_b
सुरेश
245
_a
किती आवरशी दो कराने ?
600
_a
वाघे
630
_a
किती आवरशी दो कराने ?
700
_a
वाघे
730
_a
किती आवरशी दो कराने ?
942
_c
BOOK
999
_c
32509
_d
32509